Statistics for Footballing Groups of Five Quiz

Click here to take the quiz!

General Stats

  • This quiz has been taken 86 times
    (63 since last reset)
  • The average score is 23 of 40

Answer Stats

GroupAnswer% Correct
Most Career Goals ScoredCristiano Ronaldo
96%
Clubs With 5 or More Champions League WinsReal Madrid
95%
London Premier League TeamsArsenal
93%
London Premier League TeamsChelsea
93%
London Premier League TeamsTottenham Hotspur
89%
Clubs With 5 or More Champions League WinsAC Milan
86%
Clubs With 5 or More Champions League WinsBarcelona
86%
Clubs With 5 or More Champions League WinsLiverpool FC
86%
Years Brazil Won the World Cup2002
82%
Clubs With 5 or More Champions League WinsBayern Munich
82%
5 Big European LeaguesPremier League
82%
London Premier League TeamsWest Ham
81%
Years Brazil Won the World Cup1970
77%
Years Brazil Won the World Cup1962
75%
5 Big European LeaguesLa Liga
75%
Most Career Goals ScoredPelé
75%
Years Brazil Won the World Cup1958
74%
5 Big European LeaguesBundesliga
74%
5 Big European LeaguesLigue 1
72%
5 Big European LeaguesSerie A
72%
Years Brazil Won the World Cup1994
70%
London Premier League TeamsCrystal Palace
68%
Transfers Over £100 MillionNeymar
67%
Foreign Footballers With 100 or More Premier League GoalsSergio Aguero
61%
Transfers Over £100 MillionKylian Mbappé
58%
Foreign Footballers With 100 or More Premier League GoalsThierry Henry
58%
Foreign Footballers With 100 or More Premier League GoalsDidier Drogba
53%
Transfers Over £100 MillionPhilippe Coutinho
44%
Transfers Over £100 MillionAntoine Griezmann
33%
Defenders Who Have Scored More Than 130 Career GoalsRonald Koeman
32%
Foreign Footballers With 100 or More Premier League GoalsDwight Yorke
28%
Most Career Goals ScoredFerenc Puskas
21%
Transfers Over £100 MillionJoão Félix
21%
Defenders Who Have Scored More Than 130 Career GoalsFernando Hierro
19%
Most Career Goals ScoredRomário
18%
Foreign Footballers With 100 or More Premier League GoalsJimmy Floyd Hasselbaink
16%
Most Career Goals ScoredJosef Bican
9%
Defenders Who Have Scored More Than 130 Career GoalsDaniel Passarella
7%
Defenders Who Have Scored More Than 130 Career GoalsGraham Alexander
4%
Defenders Who Have Scored More Than 130 Career GoalsLaurent Blanc
4%

Score Distribution

Percentile by Number Answered

Percent of People with Each Score

Your Score History

You have not taken this quiz since the last reset